Pressupost ordinari d'ingressos i despeses de la Casa Provincial de Caritat per a l'exercici de 1931
Descripción Física:
p. 197 a p. 277 ; 21,5 cm
MARC
| LEADER | 00000nam a2200000Ia 4500 | ||
|---|---|---|---|
| 001 | 9956 | ||
| 008 | 160829s1931] xx 000 0 cat d | ||
| 080 | |a S-1-153 | ||
| 245 | |a Pressupost ordinari d'ingressos i despeses de la Casa Provincial de Caritat per a l'exercici de 1931 | ||
| 260 | |a [Barcelona : |b s.n., |c 1931] | ||
| 300 | |a p. 197 a p. 277 ; |c 21,5 cm | ||
| 610 | 2 | 0 | |a Casa de Caritat (Barcelona, Catalunya) |x Assignacions pressupostàries i despeses |9 55727 |
| 710 | |a Casa de Caritat (Barcelona, Catalunya) |9 52406 | ||
| 710 | |a Casa de Caritat (Barcelona, Catalunya) |9 52406 | ||
| 901 | |a Arxiu | ||
| 942 | |n 1 | ||
| 952 | |0 0 |1 0 |4 0 |6 S1153 |7 1 |9 43050 |a Arxiu |b Arxiu |d 2016-12-01 |l 0 |o S-1-153 |p 9956 |r 2016-12-01 00:00:00 |w 2016-12-01 |y ARXIU | ||
| 999 | |c 45594 |d 45594 | ||